=LDR 00000nam 2200000 4500 =001 NUTBA000000000001223 =005 20140417102403.0 =006 =007 =008 =035 ##$$a 0010-041400000000493 =040 ##$$a Ind =082 ##$$a 658.07 =090 ##$$a 658.07$bSum p =100 ##$$a Sumantri =245 ##$$a Penuntun belajar pengantar manajemen berdasarkan kurikulum 1984$cSumantri =250 ##$$a Cet.1 =260 ##$$a Bandung$bExact$c1991. =300 ##$$a 167 Hlm$bIlus$c21 cm. =850 ##$$a NBPNMAT =990 ##$$a 00045892 =990 ##$$a 94149/BPAP-NTB/2014 =990 ##$$a 94150/BPAP-NTB/2014